Clinical anatomy : (رقم التسجيلة. 42703)
[ عرض عادي ]
| 000 -الفاتح | |
|---|---|
| حقل البيانات ثابتة الطول | 01014cam a22003258i 4500 |
| 003 - محدد رقم الضبط | |
| رقم الضبط | OSt |
| 005 - وقت وتاريخ اخر تعامل مع التسجيلة | |
| رقم الضبط | 20180829193703.0 |
| 008 - عناصر البيانات ثابتة الطول - معلومات عامة | |
| حقل البيانات ثابتة الطول | 130328s2013 enk b 001 0 eng |
| 020 ## - الرقم الدولى المعيارى للكتب | |
| الرقم الدولى المعيارى للكتاب | 9781118373774 (pbk. : alk. paper) |
| 020 ## - الرقم الدولى المعيارى للكتب | |
| الرقم الدولى المعيارى للكتاب الملغى /الخاطئ | 9781118373767 (ePDF) |
| 020 ## - الرقم الدولى المعيارى للكتب | |
| الرقم الدولى المعيارى للكتاب الملغى /الخاطئ | 9781118373750 (ePub) |
| 020 ## - الرقم الدولى المعيارى للكتب | |
| الرقم الدولى المعيارى للكتاب الملغى /الخاطئ | 9781118373743 (Mobi) |
| 020 ## - الرقم الدولى المعيارى للكتب | |
| الرقم الدولى المعيارى للكتاب الملغى /الخاطئ | 9781118373736 (CourseSmart) |
| 020 ## - الرقم الدولى المعيارى للكتب | |
| الرقم الدولى المعيارى للكتاب الملغى /الخاطئ | 9781118373729 (VitalSource) |
| 040 ## - مصدر الفهرسة | |
| وكالة الفهرسة الأصلية | DNLM/DLC |
| وكالة النسخ | DLC |
| قواعد الوصف | rda |
| لغة الفهرسة | eng |
| 042 ## - رمز التحقق | |
| رمز التحقق | pcc |
| 050 00 - رقم طلب مكتبة الكونجرس | |
| رقم التصنيف | QM23.2 |
| 060 10 - رقم الطلب بالمكتبة الطبية الوطنية | |
| رقم التصنيف | QS 4 |
| 082 00 - رقم تصنيف ديوى العشرى | |
| رقم التصنيف | 612 |
| رقم الطبعة | 23 |
| رقم المادة | EHC |
| 100 1# - المدخل الرئيسى - إسم شخصى | |
| الإسم الشخصى | Ellis, Harold, |
| التواريخ المصاحبة للاسم | 1926- |
| الدور | author. |
| 9 (RLIN) | 13927 |
| 245 10 - بيان العنوان | |
| العنوان | Clinical anatomy : |
| بقية العنوان | applied anatomy for students and junior doctors / |
| بيان المسئوليه,etc | Harold Ellis, Vishy Mahadevan. |
| 250 ## - بيان الطبعة | |
| بيان الطبعة | Thirteenth edition. |
| 263 ## - تاريخ النشر المتوقع | |
| تاريخ النشر المتوقع | 1309 |
| 300 ## - الوصف المادى | |
| التعداد | p. ; |
| أبعاد الوعاء | cm. |
| 504 ## - تبصرة ببليوجرافية | |
| تبصرة ببليوجرافية,الخ | Includes bibliographical references and index. |
| 650 12 - المدخل الاضافى بالموضوع-مصطلح موضوعى | |
| مصطلح موضوعي أو اسم جغرافي كعنصر مدخل | Anatomy. |
| 9 (RLIN) | 64668 |
| 700 1# - المدخل الاضافى - اسم شخصى | |
| الإسم الشخصى | Mahadevan, Vishy, |
| الدور | author. |
| 9 (RLIN) | 64669 |
| 942 ## - عناصر المدخل الإضافي( كوها) | |
| Koha [default] item type | كتاب |
| 906 ## - عنصر بيانات محلى F, LDF (RLIN) | |
| a | 7 |
| b | cbc |
| c | orignew |
| d | 1 |
| e | ecip |
| f | 20 |
| g | y-gencatlg |
| حالة الفقد | نموذج السعر الفعال | حالة تلف | ليس للاعارة | رقم الطلب | تاريخ الاكتساب | الموقع الحالي | الباركود | الفرع الرئيسي | Date last seen | نوع المادة فى نظام كوها | مصدر التصنيف او خطة الترفيف | Total Checkouts | Date last checked out |
|---|---|---|---|---|---|---|---|---|---|---|---|---|---|
| 2018-08-29 | 612 EHC | 2018-08-29 | المكتبة المركزية بالمجمعة (CL) | 00657590 | المكتبة المركزية بالمجمعة (CL) | 2018-08-29 | كتاب | Dewey Decimal Classification | |||||
| 2018-08-29 | 612 EHC | 2018-08-29 | المكتبة المركزية بالمجمعة (CL) | 00657591 | المكتبة المركزية بالمجمعة (CL) | 2018-08-29 | كتاب | Dewey Decimal Classification | |||||
| 2018-08-29 | 612 EHC | 2018-08-29 | المكتبة المركزية بالمجمعة (CL) | 00657592 | المكتبة المركزية بالمجمعة (CL) | 2018-08-29 | كتاب | Dewey Decimal Classification | |||||
| 2018-09-04 | 612 EHC | 2018-09-04 | مكتبة كلية العلوم الطبية التطبيقية بالمجمعة - طالبات (AMF) | 00657860 | مكتبة كلية العلوم الطبية التطبيقية بالمجمعة - طالبات (AMF) | 2023-08-20 | كتاب | Dewey Decimal Classification | 1 | 2023-03-26 | |||
| 2018-09-04 | 612 EHC | 2018-09-04 | مكتبة كلية العلوم الطبية التطبيقية بالمجمعة - طالبات (AMF) | 00657861 | مكتبة كلية العلوم الطبية التطبيقية بالمجمعة - طالبات (AMF) | 2018-09-04 | كتاب | Dewey Decimal Classification |
